[Event "Ste Foy Jeudi 2"]
[Site "Ste Foy CAN"]
[Date "2017.07.27"]
[Round "4"]
[White "Dube, Dominic"]
[Black "Desbiens, Raphael"]
[Result "0-1"]
[WhiteElo "1928"]
[BlackElo "1813"]
[WhiteFideId "-1"]
[WhiteFideId "-1"]
[PlyCount "95"]
[GameId "2160767908410804"]
[EventDate "2017.07.06"]
[EventType "swiss"]
[EventRounds "5"]
[EventCountry "CAN"]
[SourceTitle "EXT 2022"]
[Source "ChessBase"]
[SourceDate "2021.10.06"]
[SourceVersion "1"]
[SourceVersionDate "2021.10.06"]
[SourceQuality "1"]

1. e4 e5 2. Nf3 Nc6 3. Bb5 a6 4. Ba4 Nf6 5. d3 b5 6. Bb3 Bc5 7. c3 d6 8. h3 h6 9. Be3 Bxe3 10. fxe3 Bb7 11. Nbd2 Ne7 12. O-O Ng6 13. Qe1 d5 14. exd5 Bxd5 15. d4 Bxb3 16. Nxb3 Nd7 17. Na5 c5 18. b4 Qc7 19. Nb3 c4 20. Na5 O-O 21. Qg3 Rac8 22. a4 e4 23. Qxc7 Rxc7 24. Nh2 Ne7 25. axb5 axb5 26. Kf2 Nd5 27. Rac1 f5 28. Ke2 g5 29. g3 N7b6 30. Kd2 Na4 31. Rf2 Rf6 32. h4 Kf8 33. Rcf1 Rcf7 34. Rc1 Ke8 35. Rff1 Kd8 36. Rc2 Kc7 37. Ra1 Nab6 38. h5 f4 39. gxf4 gxf4 40. Ng4 fxe3+ 41. Ke2 Rf2+ 42. Nxf2 Rxf2+ 43. Kd1 Rf1+ 44. Ke2 Rxa1 45. Nxc4 Nxc4 46. Rc1 Ra2+ 47. Ke1 Nf4 48. Rc2 0-1

[Event "Ste Foy Jeudi 2"]
[Site "Ste Foy CAN"]
[Date "2017.07.27"]
[Round "4"]
[White "Lessard, Claude"]
[Black "Hirschberg, Valerian"]
[Result "1/2-1/2"]
[WhiteElo "2178"]
[BlackElo "2332"]
[WhiteFideId "-1"]
[WhiteFideId "-1"]
[PlyCount "80"]
[GameId "2160767908410805"]
[EventDate "2017.07.06"]
[EventType "swiss"]
[EventRounds "5"]
[EventCountry "CAN"]
[SourceTitle "EXT 2022"]
[Source "ChessBase"]
[SourceDate "2021.10.06"]
[SourceVersion "1"]
[SourceVersionDate "2021.10.06"]
[SourceQuality "1"]

1. e4 c5 2. b4 cxb4 3. a3 bxa3 4. Bxa3 Nc6 5. Nf3 e5 6. Bxf8 Kxf8 7. Bc4 d6 8. h3 Be6 9. Bxe6 fxe6 10. O-O Qf6 11. c3 Nge7 12. Na3 Rd8 13. Qb3 Rd7 14. d4 g6 15. d5 exd5 16. exd5 Nb8 17. Nc4 Na6 18. Qb5 Rc7 19. Nfxe5 Kg7 20. Ng4 Qf4 21. Nge3 Rd8 22. g3 Qf7 23. Nd2 Nc5 24. c4 b6 25. Qb1 Nf5 26. Ra3 Kg8 27. Ng4 Qg7 28. Re1 h5 29. Ne3 Nd4 30. Ng2 Rf8 31. Nf4 Nf5 32. Ne4 Nd4 33. Nxc5 bxc5 34. Ne6 Qf7 35. Nxf8 Kxf8 36. Qe4 Rb7 37. Kg2 Rb2 38. Rf1 Kg7 39. Re3 Rc2 40. Qh4 Nf5 1/2-1/2

[Event "Ste Foy Jeudi 2"]
[Site "Ste Foy CAN"]
[Date "2017.08.03"]
[Round "5"]
[White "Bernatchez, Dan"]
[Black "Cummins, Paul"]
[Result "1-0"]
[WhiteElo "1963"]
[BlackElo "1757"]
[WhiteFideId "-1"]
[WhiteFideId "-1"]
[PlyCount "109"]
[GameId "2160767908410806"]
[EventDate "2017.07.06"]
[EventType "swiss"]
[EventRounds "5"]
[EventCountry "CAN"]
[SourceTitle "EXT 2022"]
[Source "ChessBase"]
[SourceDate "2021.10.06"]
[SourceVersion "1"]
[SourceVersionDate "2021.10.06"]
[SourceQuality "1"]

1. e4 e6 2. Nf3 d5 3. Nc3 c5 4. exd5 exd5 5. Bb5+ Nc6 6. O-O Be6 7. d4 a6 8. Bxc6+ bxc6 9. Re1 Be7 10. Ne5 Qc8 11. Na4 Qb7 12. Nxc5 Bxc5 13. dxc5 Ne7 14. a3 O-O 15. b4 Rfe8 16. Be3 f6 17. Nd3 Nf5 18. Bf4 Bf7 19. Qd2 Bg6 20. Rxe8+ Rxe8 21. Re1 Rxe1+ 22. Nxe1 Qd7 23. Nf3 Qe6 24. Qd3 Ng3 25. Qe3 Ne2+ 26. Kf1 Nxf4 27. Qxf4 Bxc2 28. Qb8+ Kf7 29. Qb7+ Kg6 30. Qxa6 Qe4 31. Kg1 Ba4 32. Qf1 Kf7 33. Qc1 Bb5 34. h3 Qd3 35. Qe3 Qxe3 36. fxe3 Ba4 37. Nd4 h5 38. Kf2 g6 39. Kf3 Ke7 40. Kf4 Kd7 41. g4 hxg4 42. hxg4 Bd1 43. g5 fxg5+ 44. Kxg5 Ba4 45. Kxg6 Ke7 46. Kg7 Kd7 47. Kf7 Bd1 48. Kf6 Ba4 49. Nf3 Kc7 50. Ke7 Bb3 51. Nd4 Bd1 52. Ne6+ Kc8 53. Kd6 Bg4 54. Nd4 Bd7 55. Nxc6 1-0

[Event "Ste Foy Jeudi 2"]
[Site "Ste Foy CAN"]
[Date "2017.08.03"]
[Round "5"]
[White "Caire, Francois"]
[Black "Lessard, Claude"]
[Result "1-0"]
[WhiteElo "2194"]
[BlackElo "2178"]
[WhiteFideId "-1"]
[WhiteFideId "-1"]
[PlyCount "41"]
[GameId "2160767908410807"]
[EventDate "2017.07.06"]
[EventType "swiss"]
[EventRounds "5"]
[EventCountry "CAN"]
[SourceTitle "EXT 2022"]
[Source "ChessBase"]
[SourceDate "2021.10.06"]
[SourceVersion "1"]
[SourceVersionDate "2021.10.06"]
[SourceQuality "1"]

1. d4 Nf6 2. Nf3 g6 3. g3 c5 4. Bg2 Bg7 5. O-O d5 6. dxc5 Nbd7 7. c4 dxc4 8. Qa4 O-O 9. Qxc4 Qc7 10. Nc3 Qxc5 11. Qh4 Ne5 12. Be3 Nxf3+ 13. Bxf3 Qa5 14. Rad1 Qa6 15. Qb4 Re8 16. Nb5 Bh3 17. Nc7 Qxa2 18. Ra1 Nd5 19. Bxd5 Qxb2 20. Qxb2 Bxb2 21. Nxe8 1-0

[Event "Ste Foy Jeudi 2"]
[Site "Ste Foy CAN"]
[Date "2017.08.03"]
[Round "5"]
[White "Sauve, Richard"]
[Black "Pare, Marc"]
[Result "0-1"]
[WhiteElo "1857"]
[BlackElo "1970"]
[WhiteFideId "-1"]
[WhiteFideId "-1"]
[PlyCount "66"]
[GameId "2160767908410809"]
[EventDate "2017.07.06"]
[EventType "swiss"]
[EventRounds "5"]
[EventCountry "CAN"]
[SourceTitle "EXT 2022"]
[Source "ChessBase"]
[SourceDate "2021.10.06"]
[SourceVersion "1"]
[SourceVersionDate "2021.10.06"]
[SourceQuality "1"]

1. d4 Nf6 2. c4 e6 3. Nc3 b6 4. e4 Bb7 5. Bd3 Bb4 6. Qc2 d5 7. cxd5 exd5 8. e5 Ne4 9. Nge2 c5 10. O-O Bxc3 11. bxc3 Nc6 12. f3 Ng5 13. Bxg5 Qxg5 14. f4 Qe7 15. f5 c4 16. Nf4 cxd3 17. Qxd3 O-O-O 18. f6 gxf6 19. exf6 Qd6 20. Nh5 Rde8 21. Rae1 Nd8 22. Rxe8 Rxe8 23. Qxh7 Ba6 24. Rc1 Qe6 25. Qb1 Qe3+ 26. Kh1 Bd3 27. Qa1 Rh8 28. Re1 Qg5 29. Re5 Qg4 30. Ng7 Be4 31. Qf1 Qh4 32. Qg1 Qxf6 33. Ne8 Qc6 0-1

[Event "Ste Foy Keres"]
[Site "Ste Foy CAN"]
[Date "2017.05.01"]
[Round "1"]
[White "Beauchesne, Jonathan"]
[Black "Flor, Gerson"]
[Result "1-0"]
[WhiteElo "1740"]
[BlackElo "1234"]
[WhiteFideId "-1"]
[WhiteFideId "-1"]
[PlyCount "83"]
[GameId "2160767908411636"]
[EventDate "2017.05.01"]
[EventType "swiss"]
[EventRounds "5"]
[EventCountry "CAN"]
[SourceTitle "EXT 2022"]
[Source "ChessBase"]
[SourceDate "2021.10.06"]
[SourceVersion "1"]
[SourceVersionDate "2021.10.06"]
[SourceQuality "1"]

1. e4 c6 2. Nf3 d5 3. exd5 cxd5 4. d4 Bg4 5. Be2 Nf6 6. O-O e6 7. Re1 Bd6 8. c4 Bxf3 9. Bxf3 O-O 10. cxd5 exd5 11. Nc3 Bc7 12. Qb3 Bb6 13. Nxd5 Nxd5 14. Bxd5 Nc6 15. Bxc6 bxc6 16. Be3 Bxd4 17. Red1 c5 18. Qc4 Qb6 19. Bxd4 cxd4 20. Qxd4 Rfd8 21. Qxb6 Rxd1+ 22. Rxd1 axb6 23. Rd6 g6 24. Rxb6 Rxa2 25. g3 g5 26. Kg2 Kg7 27. b4 g4 28. Rb5 Kg6 29. Rc5 Rb2 30. Rc4 h5 31. Rf4 Kg5 32. h4+ Kg6 33. Kf1 f5 34. Ke1 Kf6 35. Kd1 Ke5 36. Kc1 Re2 37. b5 Re4 38. Rxe4+ fxe4 39. Kd2 Kd5 40. Ke3 Kc5 41. Kxe4 Kxb5 42. Kf4 1-0

[Event "Ste Foy Keres"]
[Site "Ste Foy CAN"]
[Date "2017.05.01"]
[Round "1"]
[White "Cossette, Daniel"]
[Black "Tremblay, Rejean"]
[Result "0-1"]
[WhiteElo "2125"]
[BlackElo "2252"]
[WhiteFideId "-1"]
[WhiteFideId "-1"]
[PlyCount "124"]
[GameId "2160767908411637"]
[EventDate "2017.05.01"]
[EventType "swiss"]
[EventRounds "5"]
[EventCountry "CAN"]
[SourceTitle "EXT 2022"]
[Source "ChessBase"]
[SourceDate "2021.10.06"]
[SourceVersion "1"]
[SourceVersionDate "2021.10.06"]
[SourceQuality "1"]

1. e4 c5 2. Nf3 d6 3. Bb5+ Nd7 4. O-O Ngf6 5. d4 cxd4 6. Qxd4 e5 7. Qd3 h6 8. Nc3 a6 9. Bxd7+ Bxd7 10. a4 Be7 11. a5 b5 12. axb6 Qxb6 13. Be3 Qb7 14. Nd2 O-O 15. f3 Be6 16. Ra5 Rfc8 17. Rb1 Bd8 18. Ra3 d5 19. Rb3 Qc6 20. exd5 Nxd5 21. Nxd5 Qxd5 22. Qxd5 Bxd5 23. Rd3 Be6 24. c3 Bf5 25. Ne4 Bxe4 26. fxe4 Rc4 27. Rbd1 Bf6 28. Rd6 Rxe4 29. Kf2 Rc4 30. Ra1 Rb8 31. Ra2 a5 32. Ke2 e4 33. Bf4 Rb5 34. g3 Kf8 35. Ra6 Bd8 36. Bd6+ Ke8 37. Ra8 Kd7 38. Bf8 g6 39. Ba3 Rh5 40. h4 Bc7 41. Rf8 Rf5 42. g4 Rf4 43. Ra1 Rxg4 44. Rxf7+ Kc6 45. Rf6+ Kb7 46. Raf1 h5 47. Bd6 Rg2+ 48. R1f2 Rxf2+ 49. Kxf2 Rc6 50. Be7 Rxf6+ 51. Bxf6 Kc6 52. Ke3 Kd5 53. c4+ Ke6 54. Bc3 Kf5 55. c5 a4 56. Kd4 Be5+ 57. Kd5 Bxc3 58. bxc3 Kf6 59. Kd6 e3 60. c6 e2 61. c7 e1=Q 62. c8=Q Qd2+ 0-1

[Event "Ste Foy Keres"]
[Site "Ste Foy CAN"]
[Date "2017.05.01"]
[Round "1"]
[White "Dube, Daniel"]
[Black "Lessard, Claude"]
[Result "1/2-1/2"]
[WhiteElo "1936"]
[BlackElo "2112"]
[WhiteFideId "-1"]
[WhiteFideId "-1"]
[PlyCount "122"]
[GameId "2160767908411638"]
[EventDate "2017.05.01"]
[EventType "swiss"]
[EventRounds "5"]
[EventCountry "CAN"]
[SourceTitle "EXT 2022"]
[Source "ChessBase"]
[SourceDate "2021.10.06"]
[SourceVersion "1"]
[SourceVersionDate "2021.10.06"]
[SourceQuality "1"]

1. e4 g6 2. d4 Bg7 3. Nc3 d6 4. f4 Nf6 5. Nf3 O-O 6. e5 dxe5 7. fxe5 Nfd7 8. Bc4 Nb6 9. Bb3 Nc6 10. O-O Bg4 11. Be3 Na5 12. Qe2 Nxb3 13. axb3 Nd5 14. Nxd5 Qxd5 15. h3 Bf5 16. c4 Qe4 17. Ng5 Qc2 18. Qxc2 Bxc2 19. b4 h6 20. Nf3 a6 21. Rfc1 Bf5 22. b5 axb5 23. Rxa8 Rxa8 24. cxb5 Rc8 25. Rc3 Be4 26. b6 c6 27. Ra3 e6 28. Nd2 Bd5 29. Ra7 Rb8 30. b3 g5 31. Nc4 Kf8 32. Na5 c5 33. dxc5 Bxe5 34. Nc4 Bc3 35. Kf1 f5 36. Na3 f4 37. Bf2 e5 38. Nb5 Bd2 39. Nd6 Bc6 40. Ra2 Be3 41. Bxe3 fxe3 42. Re2 Ra8 43. Rxe3 Ra1+ 44. Kf2 Ra2+ 45. Re2 Ra3 46. b4 Rb3 47. b5 Bxb5 48. Nxb5 Rxb5 49. Rxe5 Kf7 50. g4 Kf6 51. Rd5 Ke6 52. Rd6+ Ke5 53. Rxh6 Rxc5 54. Rh7 Rc2+ 55. Ke3 Rc3+ 56. Kd2 Rb3 57. Rxb7 Rxh3 58. Rf7 Ke6 59. Rf5 Rb3 60. Rxg5 Kf6 61. Rf5+ Kg6 1/2-1/2

[Event "Ste Foy Keres"]
[Site "Ste Foy CAN"]
[Date "2017.05.01"]
[Round "1"]
[White "Glode, Martin"]
[Black "Gaulin, Gaetan"]
[Result "1/2-1/2"]
[WhiteElo "1885"]
[BlackElo "1964"]
[WhiteFideId "-1"]
[WhiteFideId "-1"]
[PlyCount "39"]
[GameId "2160767908411639"]
[EventDate "2017.05.01"]
[EventType "swiss"]
[EventRounds "5"]
[EventCountry "CAN"]
[SourceTitle "EXT 2022"]
[Source "ChessBase"]
[SourceDate "2021.10.06"]
[SourceVersion "1"]
[SourceVersionDate "2021.10.06"]
[SourceQuality "1"]

1. e4 e6 2. d4 d5 3. exd5 exd5 4. Nf3 Nf6 5. Bd3 Bd6 6. O-O O-O 7. Bg5 Re8 8. Re1 Nbd7 9. Nbd2 h6 10. Bh4 c5 11. Rxe8+ Qxe8 12. dxc5 Bxc5 13. c3 b6 14. Qa4 Bb7 15. Re1 Qc8 16. Nd4 a6 17. Nf5 Qc6 18. Qxc6 Bxc6 19. Ne7+ Bxe7 20. Rxe7 1/2-1/2

[Event "Ste Foy Keres"]
[Site "Ste Foy CAN"]
[Date "2017.05.01"]
[Round "1"]
[White "Laprade, Jean Jr"]
[Black "Potvin, Alain-Nicolas"]
[Result "1-0"]
[WhiteElo "1652"]
[BlackElo "1860"]
[WhiteFideId "-1"]
[WhiteFideId "-1"]
[PlyCount "67"]
[GameId "2160767908411640"]
[EventDate "2017.05.01"]
[EventType "swiss"]
[EventRounds "5"]
[EventCountry "CAN"]
[SourceTitle "EXT 2022"]
[Source "ChessBase"]
[SourceDate "2021.10.06"]
[SourceVersion "1"]
[SourceVersionDate "2021.10.06"]
[SourceQuality "1"]

1. e4 g6 2. d4 Bg7 3. Nc3 d6 4. f4 Nf6 5. Nf3 O-O 6. Bd3 c5 7. d5 a6 8. a4 Bg4 9. h3 Bd7 10. O-O e6 11. Re1 Qb6 12. a5 Qa7 13. Be3 b5 14. axb6 Qxb6 15. Rb1 a5 16. Bc4 Na6 17. e5 Ne8 18. Qd2 Nac7 19. Bf2 Qb4 20. Qd3 Rb8 21. b3 exd5 22. Nxd5 Nxd5 23. Bxd5 Qxf4 24. Re4 Qf5 25. g4 Bb5 26. c4 Qd7 27. e6 Qc7 28. e7 Bc6 29. exf8=Q+ Kxf8 30. Rbe1 Nf6 31. Re7 Nxd5 32. Rxc7 Nxc7 33. Qxd6+ Kg8 34. Qxc7 1-0

[Event "Ste Foy Keres"]
[Site "Ste Foy CAN"]
[Date "2017.05.08"]
[Round "2"]
[White "Ayotte, Charles"]
[Black "Beauchesne, Jonathan"]
[Result "0-1"]
[WhiteElo "1402"]
[BlackElo "1740"]
[WhiteFideId "-1"]
[WhiteFideId "-1"]
[PlyCount "71"]
[GameId "2160767908411641"]
[EventDate "2017.05.01"]
[EventType "swiss"]
[EventRounds "5"]
[EventCountry "CAN"]
[SourceTitle "EXT 2022"]
[Source "ChessBase"]
[SourceDate "2021.10.06"]
[SourceVersion "1"]
[SourceVersionDate "2021.10.06"]
[SourceQuality "1"]

1. c4 Nf6 2. Nf3 g6 3. Nc3 Bg7 4. d3 O-O 5. e3 d6 6. h3 Nc6 7. a3 e5 8. Be2 Nh5 9. g4 Nf6 10. Nh2 Ne7 11. e4 c6 12. Bg5 Be6 13. Bxf6 Bxf6 14. Bf3 b5 15. cxb5 cxb5 16. Nd5 Nxd5 17. exd5 Bd7 18. Nf1 a5 19. Ne3 Qb6 20. Rb1 Bh4 21. Qd2 f5 22. gxf5 Bxf5 23. Rh2 Bxd3 24. Qxd3 Rxf3 25. Ke2 Raf8 26. Rf1 Kg7 27. Qc3 Bg5 28. Rhh1 Qc5 29. Qxc5 dxc5 30. Ng4 Rb3 31. Rb1 Bf4 32. h4 Rd8 33. Rhd1 Rh3 34. Ne3 Bxe3 35. fxe3 Rxh4 36. Kd3 0-1

[Event "Ste Foy Keres"]
[Site "Ste Foy CAN"]
[Date "2017.05.08"]
[Round "2"]
[White "Cossette, Daniel"]
[Black "Glode, Martin"]
[Result "1-0"]
[WhiteElo "2125"]
[BlackElo "1885"]
[WhiteFideId "-1"]
[WhiteFideId "-1"]
[PlyCount "112"]
[GameId "2160767908411642"]
[EventDate "2017.05.01"]
[EventType "swiss"]
[EventRounds "5"]
[EventCountry "CAN"]
[SourceTitle "EXT 2022"]
[Source "ChessBase"]
[SourceDate "2021.10.06"]
[SourceVersion "1"]
[SourceVersionDate "2021.10.06"]
[SourceQuality "1"]

1. e4 Nf6 2. Nc3 d5 3. e5 d4 4. exf6 dxc3 5. fxg7 cxd2+ 6. Bxd2 Bxg7 7. Qf3 Bxb2 8. Bc4 e6 9. Rd1 Qd4 10. Qb3 Nd7 11. Ne2 Qb6 12. Qg3 Ne5 13. Bb3 Bd7 14. c3 Ng6 15. O-O Ba3 16. Be3 Bd6 17. Qg5 Qb5 18. Nd4 Qxg5 19. Bxg5 Be7 20. Bc1 O-O-O 21. f4 Bc5 22. Kh1 Ne7 23. Bc2 Nd5 24. Rf3 Rdg8 25. Nb3 Be7 26. c4 Nb4 27. Be4 Bc6 28. Bxc6 Nxc6 29. Bb2 Rd8 30. Rdf1 f6 31. Re3 e5 32. fxe5 fxe5 33. Bxe5 Nxe5 34. Rxe5 Bd6 35. Rh5 Rdf8 36. Kg1 Rxf1+ 37. Kxf1 Rf8+ 38. Ke2 Rf7 39. Nd4 Kd7 40. Nf3 Re7+ 41. Kd3 Bf4 42. Nd4 Rg7 43. g3 Bd6 44. c5 Bf8 45. Rd5+ Ke8 46. c6 bxc6 47. Nxc6 Rd7 48. Kc4 Rxd5 49. Kxd5 a6 50. g4 Bd6 51. h4 Kf7 52. Nd4 Kf6 53. Nf5 Bf4 54. Ke4 Bd2 55. g5+ Kg6 56. Nd4 c5 1-0

[Event "Ste Foy Keres"]
[Site "Ste Foy CAN"]
[Date "2017.05.15"]
[Round "3"]
[White "Beauchesne, Jonathan"]
[Black "Garcia-Casillas, Carlos"]
[Result "1/2-1/2"]
[WhiteElo "1740"]
[BlackElo "1783"]
[WhiteFideId "-1"]
[WhiteFideId "-1"]
[PlyCount "49"]
[GameId "2160767908411644"]
[EventDate "2017.05.01"]
[EventType "swiss"]
[EventRounds "5"]
[EventCountry "CAN"]
[SourceTitle "EXT 2022"]
[Source "ChessBase"]
[SourceDate "2021.10.06"]
[SourceVersion "1"]
[SourceVersionDate "2021.10.06"]
[SourceQuality "1"]

1. e4 c5 2. Nf3 d6 3. g3 Nc6 4. Bg2 g6 5. O-O Bg7 6. c3 e6 7. Re1 Nge7 8. a4 O-O 9. Na3 e5 10. Nc4 f5 11. d3 f4 12. Bd2 h6 13. Qc1 g5 14. h3 fxg3 15. fxg3 Be6 16. Ne3 Bxh3 17. Nxg5 Bd7 18. Nf3 Qe8 19. Nh4 Qh5 20. Qd1 Qxd1 21. Raxd1 Rf6 22. Nc4 Bg4 23. Ra1 Raf8 24. Rf1 Ng6 25. Rxf6 1/2-1/2

[Event "Ste Foy Keres"]
[Site "Ste Foy CAN"]
[Date "2017.05.15"]
[Round "3"]
[White "Dube, Daniel"]
[Black "Cossette, Daniel"]
[Result "1-0"]
[WhiteElo "1936"]
[BlackElo "2125"]
[WhiteFideId "-1"]
[WhiteFideId "-1"]
[PlyCount "73"]
[GameId "2160767908411645"]
[EventDate "2017.05.01"]
[EventType "swiss"]
[EventRounds "5"]
[EventCountry "CAN"]
[SourceTitle "EXT 2022"]
[Source "ChessBase"]
[SourceDate "2021.10.06"]
[SourceVersion "1"]
[SourceVersionDate "2021.10.06"]
[SourceQuality "1"]

1. d4 d5 2. c4 e6 3. Nf3 c5 4. cxd5 exd5 5. Nc3 Nc6 6. dxc5 Bxc5 7. Qxd5 Qb6 8. Qe4+ Be6 9. e3 Nf6 10. Qh4 Be7 11. Bb5 O-O-O 12. Bxc6 bxc6 13. O-O h6 14. Qa4 Kb7 15. Nd2 Nd7 16. Nc4 Bxc4 17. Qxc4 Ne5 18. Qe2 Rd7 19. e4 Rhd8 20. Be3 Qa6 21. Qxa6+ Kxa6 22. b3 Ng4 23. Bf4 Bf6 24. Rac1 Bd4 25. h3 Nf6 26. e5 Nh5 27. Bh2 g5 28. Ne4 Kb6 29. Nd6 Ng7 30. Kh1 Ne6 31. f4 gxf4 32. Bxf4 Rxd6 33. exd6 Nxf4 34. Rxf4 Be3 35. Rb4+ Ka5 36. Ra4+ Kb5 37. Rd1 1-0

[Event "Ste Foy Keres"]
[Site "Ste Foy CAN"]
[Date "2017.05.15"]
[Round "3"]
[White "Glode, Martin"]
[Black "Tremblay, Rejean"]
[Result "1/2-1/2"]
[WhiteElo "1885"]
[BlackElo "2252"]
[WhiteFideId "-1"]
[WhiteFideId "-1"]
[PlyCount "39"]
[GameId "2160767908411646"]
[EventDate "2017.05.01"]
[EventType "swiss"]
[EventRounds "5"]
[EventCountry "CAN"]
[SourceTitle "EXT 2022"]
[Source "ChessBase"]
[SourceDate "2021.10.06"]
[SourceVersion "1"]
[SourceVersionDate "2021.10.06"]
[SourceQuality "1"]

1. e4 c5 2. c3 Nf6 3. e5 Nd5 4. Nf3 Nc6 5. Na3 g6 6. g3 Bg7 7. Bg2 O-O 8. O-O a6 9. d4 cxd4 10. Nxd4 Nxd4 11. Qxd4 Nc7 12. Nc4 d6 13. Rd1 Rb8 14. Qb6 d5 15. Bf4 Be6 16. Ne3 g5 17. Bxg5 Bxe5 18. Nc4 Bg7 19. Bf4 Na8 20. Qa7 1/2-1/2

[Event "Ste Foy Keres"]
[Site "Ste Foy CAN"]
[Date "2017.05.15"]
[Round "3"]
[White "Laprade, Jean Jr"]
[Black "Ayotte, Charles"]
[Result "1-0"]
[WhiteElo "1652"]
[BlackElo "1402"]
[WhiteFideId "-1"]
[WhiteFideId "-1"]
[PlyCount "93"]
[GameId "2160767908411647"]
[EventDate "2017.05.01"]
[EventType "swiss"]
[EventRounds "5"]
[EventCountry "CAN"]
[SourceTitle "EXT 2022"]
[Source "ChessBase"]
[SourceDate "2021.10.06"]
[SourceVersion "1"]
[SourceVersionDate "2021.10.06"]
[SourceQuality "1"]

1. e4 c6 2. d4 d5 3. Nc3 dxe4 4. Nxe4 Bf5 5. Ng3 Bg6 6. h4 h6 7. Nf3 Nd7 8. h5 Bh7 9. Bd3 Bxd3 10. Qxd3 e6 11. Bf4 Nb6 12. Ne5 Qe7 13. c3 Nd5 14. Bd2 Ngf6 15. Qf3 Qc7 16. Ne4 Nxe4 17. Qxe4 Nf6 18. Qf3 Bd6 19. Nc4 O-O-O 20. Nxd6+ Qxd6 21. Bf4 Qd5 22. Qxd5 Nxd5 23. Bg3 Rd7 24. O-O-O Re8 25. Rde1 Nb6 26. b3 Kd8 27. Re2 Nc8 28. Rhe1 g5 29. hxg6 fxg6 30. Rxe6 Rde7 31. Rxe7 Rxe7 32. Rxe7 Kxe7 33. Kd2 Ke6 34. Be5 Ne7 35. g4 h5 36. gxh5 gxh5 37. c4 Kf5 38. f3 Ng6 39. Bh2 a6 40. a4 h4 41. Ke3 Ne7 42. Bd6 Ng6 43. Kf2 Nf4 44. Bxf4 Kxf4 45. Kg2 b6 46. Kh3 Kxf3 47. d5 1-0

[Event "Ste Foy Keres"]
[Site "Ste Foy CAN"]
[Date "2017.05.22"]
[Round "4"]
[White "Cossette, Daniel"]
[Black "Lessard, Claude"]
[Result "1/2-1/2"]
[WhiteElo "2125"]
[BlackElo "2112"]
[WhiteFideId "-1"]
[WhiteFideId "-1"]
[PlyCount "80"]
[GameId "2160767908411648"]
[EventDate "2017.05.01"]
[EventType "swiss"]
[EventRounds "5"]
[EventCountry "CAN"]
[SourceTitle "EXT 2022"]
[Source "ChessBase"]
[SourceDate "2021.10.06"]
[SourceVersion "1"]
[SourceVersionDate "2021.10.06"]
[SourceQuality "1"]

1. e4 c5 2. Nf3 g6 3. c4 Nc6 4. d4 cxd4 5. Nxd4 Nf6 6. Nc3 d6 7. Be2 Bg7 8. Be3 Qa5 9. O-O O-O 10. Qd2 Nxd4 11. Qxd4 Ng4 12. Qd2 Nxe3 13. Qxe3 Bxc3 14. bxc3 Be6 15. Rfb1 Qc7 16. h4 b6 17. Rb4 Rab8 18. Rab1 Rfc8 19. h5 Qc5 20. Qd4 gxh5 21. g3 Qg5 22. Kh2 Rc5 23. f4 Qg7 24. f5 Bd7 25. Rf1 Ra5 26. Rb2 Rc8 27. Rf4 Ra3 28. f6 exf6 29. Bxh5 f5 30. Qxd6 Rxc3 31. Rg2 Bc6 32. Rxf5 Bxe4 33. Bxf7+ Kh8 34. Rff2 Bxg2 35. Kxg2 Re3 36. Bd5 Rce8 37. Rf7 Re2+ 38. Kh3 Qe5 39. Rf8+ Kg7 40. Rf7+ Kh8 1/2-1/2

[Event "Ste Foy Keres"]
[Site "Ste Foy CAN"]
[Date "2017.05.22"]
[Round "4"]
[White "Glode, Martin"]
[Black "Dube, Daniel"]
[Result "1-0"]
[WhiteElo "1885"]
[BlackElo "1936"]
[WhiteFideId "-1"]
[WhiteFideId "-1"]
[PlyCount "65"]
[GameId "2160767908411649"]
[EventDate "2017.05.01"]
[EventType "swiss"]
[EventRounds "5"]
[EventCountry "CAN"]
[SourceTitle "EXT 2022"]
[Source "ChessBase"]
[SourceDate "2021.10.06"]
[SourceVersion "1"]
[SourceVersionDate "2021.10.06"]
[SourceQuality "1"]

1. e4 c6 2. d3 d5 3. Nd2 e5 4. Ngf3 Bd6 5. d4 Nd7 6. exd5 cxd5 7. dxe5 Nxe5 8. Nxe5 Bxe5 9. Nf3 Bb8 10. Qd4 f6 11. Bb5+ Bd7 12. Bd3 Ne7 13. O-O O-O 14. c4 Bc6 15. Re1 Re8 16. b3 Bc7 17. Ba3 Bd6 18. c5 Bc7 19. Qh4 Ng6 20. Qh5 Nf8 21. Bb2 Rxe1+ 22. Rxe1 d4 23. Nxd4 Be8 24. Qf3 Be5 25. Bc4+ Kh8 26. Rd1 Qc7 27. Qd5 Bf7 28. Qxf7 Qxf7 29. Bxf7 g6 30. g3 Kg7 31. Bc4 g5 32. Nf5+ Kg6 33. Ne7+ 1-0

[Event "Ste Foy Keres"]
[Site "Ste Foy CAN"]
[Date "2017.05.22"]
[Round "4"]
[White "Laprade, Jean Jr"]
[Black "Beauchesne, Jonathan"]
[Result "0-1"]
[WhiteElo "1662"]
[BlackElo "1752"]
[WhiteFideId "-1"]
[WhiteFideId "-1"]
[PlyCount "62"]
[GameId "2160767908411650"]
[EventDate "2017.05.01"]
[EventType "swiss"]
[EventRounds "5"]
[EventCountry "CAN"]
[SourceTitle "EXT 2022"]
[Source "ChessBase"]
[SourceDate "2021.10.06"]
[SourceVersion "1"]
[SourceVersionDate "2021.10.06"]
[SourceQuality "1"]

1. e4 d6 2. d4 Nf6 3. Nc3 g6 4. f4 Bg7 5. Nf3 O-O 6. Bd3 c5 7. d5 e6 8. dxe6 Bxe6 9. f5 Bd7 10. Bg5 Qa5 11. O-O Nc6 12. Nb5 Nxe4 13. Bxe4 Qxb5 14. f6 Bh8 15. Qxd6 Rfd8 16. Qf4 Be6 17. Nh4 Nd4 18. Qf2 c4 19. Be3 Qe5 20. Nxg6 Qxe4 21. Ne7+ Kf8 22. Bh6+ Ke8 23. Rae1 Qxc2 24. Ng8 Qg6 25. Qg3 Qxg3 26. hxg3 Rd5 27. Bg7 Kd7 28. Nh6 Kc6 29. Rf2 Rh5 30. Bxh8 Rxh8 31. Rxe6+ fxe6 0-1

[Event "Ste Foy Keres"]
[Site "Ste Foy CAN"]
[Date "2017.05.22"]
[Round "4"]
[White "Tremblay, Rejean"]
[Black "Gaulin, Gaetan"]
[Result "1-0"]
[WhiteElo "2252"]
[BlackElo "1964"]
[WhiteFideId "-1"]
[WhiteFideId "-1"]
[PlyCount "65"]
[GameId "2160767908411651"]
[EventDate "2017.05.01"]
[EventType "swiss"]
[EventRounds "5"]
[EventCountry "CAN"]
[SourceTitle "EXT 2022"]
[Source "ChessBase"]
[SourceDate "2021.10.06"]
[SourceVersion "1"]
[SourceVersionDate "2021.10.06"]
[SourceQuality "1"]

1. d4 Nf6 2. c4 e6 3. Nf3 b6 4. a3 Bb7 5. Nc3 d5 6. cxd5 Nxd5 7. Qc2 Nxc3 8. bxc3 Nd7 9. e4 Be7 10. Bd3 O-O 11. O-O c5 12. Bb2 Rc8 13. Qe2 Qc7 14. Rfd1 Rfd8 15. Nd2 Bf8 16. e5 g6 17. h4 Bg7 18. Ne4 c4 19. Bc2 Bd5 20. h5 b5 21. hxg6 fxg6 22. Qg4 Qc6 23. a4 a6 24. Nd6 Rb8 25. axb5 axb5 26. Ra7 Nf8 27. Rda1 Ra8 28. Qf4 Rxa7 29. Rxa7 Rd7 30. Rxd7 Qxd7 31. Ba3 Bc6 32. Bb4 Qa7 33. Nc8 1-0